Aplikácia pre OS Android v kontexte sociálnej aplikácie
Guardado en:
| Autor principal: | |
|---|---|
| Otros Autores: | |
| Formato: | Manuscrito Libro |
| Lenguaje: | eslovaco |
| Publicado: |
2019
|
| Materias: | |
| Acceso en línea: | http://is.stuba.sk/zp/portal_zp.pl?podrobnosti=135104 |
| Etiquetas: |
Sin Etiquetas, Sea el primero en etiquetar este registro!
|
MARC
| LEADER | 00000ntm a22000003a 4500 | ||
|---|---|---|---|
| 001 | stuzp72516 | ||
| 003 | SK-STU | ||
| 005 | 20190902091815.2 | ||
| 007 | ta | ||
| 008 | 150427s2015----xo-----f-mn---000-0-slo-d | ||
| 040 | |a STU |b slo | ||
| 041 | 0 | |a slo | |
| 044 | |a xo | ||
| 100 | 1 | |a Renczés, Štefan |u 035000 |4 aut |U FEI Fakulta elektrotechniky a informatiky |T FEI Ústav informatiky a matematiky |X 86146 |U E050 |Y 816 |7 86146 | |
| 242 | 0 | 1 | |a Application for Android in the context of an existing social application |y eng |
| 245 | 1 | 0 | |a Aplikácia pre OS Android v kontexte sociálnej aplikácie |
| 260 | |c 2019 | ||
| 300 | |a 40 s., |b CD-ROM | ||
| 650 | 4 | |a aplikácia |2 slo | |
| 650 | 4 | |a java |2 slo | |
| 650 | 4 | |a barcode |2 slo | |
| 650 | 4 | |a qr code |2 slo | |
| 650 | 4 | |a jaypad |2 slo | |
| 650 | 4 | |a android |2 slo | |
| 650 | 4 | |a appliaction |2 eng | |
| 650 | 4 | |a java |2 eng | |
| 650 | 4 | |a barcode |2 eng | |
| 650 | 4 | |a android |2 eng | |
| 650 | 4 | |a qr code |2 eng | |
| 650 | 4 | |a jaypad |2 eng | |
| 700 | 1 | |a Drozda, Martin |u 035000 |k Z1 |4 ths |U FEI Fakulta elektrotechniky a informatiky |T FEI Ústav informatiky a matematiky |X 71006 |U E050 |Y 816 |7 A000071006 | |
| 856 | 4 | |u http://is.stuba.sk/zp/portal_zp.pl?podrobnosti=135104 | |
| 996 | |b 284ER03007 |c E*Bc- 3007 |l EE35 |s P |a 0 |w stuzp72516_0001 | ||